000 00264nam a22001217a 4500
008 181017b xxu||||| |||| 00| 0 eng d
041 _aeng
080 _a101
100 _a13
101 _aFIL;
245 _aPhilosophical Apparatus
_cBrown.L.A
942 _2udc
_cBK
999 _c50057
_d50057